| 000 | 01003nam a2200241 a 4500 | ||
|---|---|---|---|
| 001 | 39396 | ||
| 003 | BD-RjUL | ||
| 005 | 20211209053001.0 | ||
| 008 | 160410b2013 bg ||||e |||| 00| 0 ben d | ||
| 020 |
_a9789843362612 _c : tk. 350.00 |
||
| 035 | _a(BD-RjUL)39509 | ||
| 040 |
_aBD-RjUL _bben _cBD-RjUL |
||
| 041 | _aben | ||
| 041 | _aeng | ||
| 082 |
_223 _a341.67 _bGOB 2013 |
||
| 100 |
_aগোস্বামী, রাজীব কুমার _9121445 |
||
| 245 | 1 | 0 |
_aবাংলাদেশের অর্পিত সম্পতি আইন প্রয়োগ ও পরিণতি = Vested Property Act in Bangladesh : Implementation and Impact _cরাজীব কুমার গোস্বামী |
| 260 |
_aঢাকা : _bবাংলাদেশ ল' টাইমস, _c২০১৩. |
||
| 300 |
_a[১২], ২৬৬ পৃ. ; _c২৫ সেমি. |
||
| 650 |
_aঅর্পিত সম্পত্তি _9121446 |
||
| 650 |
_aAlien property _9121446 |
||
| 942 |
_2ddc _cBK |
||
| 999 |
_c39396 _d39396 |
||